WW2 - Statistics

General Stats
  • This quiz has been taken 29 times
  • The average score is 8 of 36
Answer Stats
Hint Answer % Correct
Přezdívka Rommela Pouštní liška
61%
Kde padlo nejvíce obětí Stalingrad
61%
Bitva před Moskvou (rok, kdy začala) 1941
57%
Kde zemřel Churchill Londýn
57%
Kde byl uzavřen Pakt proti Kominterně Berlín
52%
Kde se odehrála největší tanková bitva Kursk
43%
Největší povstání za WW2 Varšavské povstání
43%
Bitevní Loď pojmenovaná po Německém velikánovi Bismarck
39%
Z jakého ostrova byly vyklizeny všechny Německé jednotky v roce 1943 Sicílie
39%
Kdo vyhrál bitvu u Leyte USA
39%
V jakém státě se odehrála operace Market Garden Nizozemsko
35%
Kde zemřel Göring Norimberk
35%
Kdo vedl jugoslávské partyzány Josip Broz Tito
26%
Kde byla podepsána mírová smlouva ukončující Zimní válku Moskva
26%
OSA-?-?-? Berlín Řím Tokio
22%
Vrchní velitel spojeneckých expedičních sil v Evropě Dwight D. Eisenhower
22%
Hlavní město Generálního gouvernementu Krakov
22%
Nejkrvavější bitva Tichomoří Okinawa
22%
Pohoří, kde se odehrála bitva o "výběžek" Ardeny
17%
Nejlepší námořní generál Japonska Isoroku Jamamoto
17%
Město, které bylo extrémně vybombardováno Osou v Jugošce Bělehrad
13%
První koncentrační tábor určený pro politické vězně Dachau
13%
Kde došlo k vyvraždění polské inteligence Katyň
13%
12. Března 1938 došlo k Anšlusu Rakouska
9%
Největší město v Nebrasce Omaha
9%
Město, ve kterém byl most Marca Pola Peking
9%
Kde měl Schindler továrnu Brněnec
4%
Na jaké nejvyšší hoře byla vztyčena svastika Elbrus
4%
Který stát dostal nejméně finanční pomoci z Marshallova plánu Island
4%
Dubnová válka probíhala v jakém státě Jugoslávie
4%
Oprace Crusader zachránila z oblíčení město Tobrúk
4%
Největší krysa WW2 Édouard Daladier
0%
Linie Německých opevnění ve střední Itálii Gustavova
0%
Kde došlo k prvnímu střetu Polska a Německa Jablunkov
0%
Litevský přístav obsazený Německem Klaipėda
0%
Kde v Itálii se vylodili Spojenci po italské kapitulaci Salerno
0%
No matching quizzes found
Score Distribution
Percent of People with Each Score
Percentile by Number Answered
Your Score History
You have not taken this quiz